[Event "414 Stay Safe Play From Home series"]
[Site "Emanuel Lasker Arena"]
[Date "2020.08.27"]
[Round "8"]
[White "Tran Minh Thang"]
[Black "Lazieri3"]
[Result "1-0"]
[WhiteElo "2456"]
[BlackElo "2071"]
[PlyCount "117"]
[EventDate "2020.08.27"]
[EventType "swiss (blitz)"]

1. b3 {[%emt 0:00:01]} c6 {[%emt 0:00:00]} 2. Bb2 {[%emt 0:00:00]} d5 {[%emt 0:00:00]} 3. Nf3 {[%emt 0:00:00]} Nf6 {[%emt 0:00:00]} 4. e3 {[%emt 0:00:00]} Bf5 {[%emt 0:00:00]} 5. Bxf6 {[%emt 0:00:00]} exf6 {[%emt 0:00:03]} 6. c4 {[%emt 0:00:00]} Bxb1 {[%emt 0:00:02]} 7. Rxb1 {[%emt 0:00:01]} dxc4 {[%emt 0:00:03]} 8. bxc4 {[%emt 0:00:02]} b6 {[%emt 0:00:02]} 9. Be2 {[%emt 0:00:01]} Bd6 {[%emt 0:00:01]} 10. O-O {[%emt 0:00:00]} O-O {[%emt 0:00:00]} 11. d4 {[%emt 0:00:00]} Nd7 {[%emt 0:00:01]} 12. d5 {[%emt 0:00:02]} cxd5 {[%emt 0:00:04]} 13. cxd5 {[%emt 0:00:00]} Ne5 {[%emt 0:00:01]} 14. Nd4 {[%emt 0:00:01]} Rc8 {[%emt 0:00:02]} 15. f4 {[%emt 0:00:01]} Nc4 {[%emt 0:00:03]} 16. Bxc4 {[%emt 0:00:01]} Rxc4 {[%emt 0:00:02]} 17. Qd3 {[%emt 0:00:00]} Qc8 {[%emt 0:00:03]} 18. Nc6 {[%emt 0:00:04]} Rc5 {[%emt 0:00:04]} 19. e4 {[%emt 0:00:01]} Qc7 {[%emt 0:00:03]} 20. Qf3 {[%emt 0:00:12]} Re8 {[%emt 0:00:01]} 21. Rbe1 {[%emt 0:00:01]} g6 {[%emt 0:00:02]} 22. h4 {[%emt 0:00:01]} Rxc6 {[%emt 0:00:01]} 23. dxc6 {[%emt 0:00:01]} Qxc6 {[%emt 0:00:00]} 24. h5 {[%emt 0:00:00]} Bc5+ {[%emt 0:00:01]} 25. Kh1 {[%emt 0:00:02]} Qe6 {[%emt 0:00:03]} 26. f5 {[%emt 0:00:02]} Qe5 {[%emt 0:00:08]} 27. Qg4 {[%emt 0:00:10]} Bd6 {[%emt 0:00:02]} 28. g3 {[%emt 0:00:07]} g5 {[%emt 0:00:01]} 29. Re2 {[%emt 0:00:02]} h6 {[%emt 0:00:00]} 30. Rd1 {[%emt 0:00:01]} Bc5 {[%emt 0:00:00]} 31. Qf3 {[%emt 0:00:01]} Qe7 {[%emt 0:00:02]} 32. Kg2 {[%emt 0:00:00]} Qe5 {[%emt 0:00:00]} 33. Qd3 {[%emt 0:00:00]} Qe7 {[%emt 0:00:01]} 34. Qd7 {[%emt 0:00:01]} Qe5 {[%emt 0:00:00]} 35. Rd5 {[%emt 0:00:01]} Qxe4+ {[%emt 0:00:01]} 36. Rxe4 {[%emt 0:00:01]} Rxe4 {[%emt 0:00:00]} 37. Qd8+ {[%emt 0:00:00]} Kg7 {[%emt 0:00:00]} 38. Qd7 {[%emt 0:00:00]} Re2+ {[%emt 0:00:00]} 39. Kf1 {[%emt 0:00:01]} Rf2+ {[%emt 0:00:00]} 40. Ke1 {[%emt 0:00:00]} Rxf5 {[%emt 0:00:00]} 41. Qe8 {[%emt 0:00:00]} Rxd5 {[%emt 0:00:00]} 42. Qe4 {[%emt 0:00:01]} Re5 {[%emt 0:00:00]} 43. Qxe5 {[%emt 0:00:00]} fxe5 {[%emt 0:00:00]} 44. Ke2 {[%emt 0:00:00]} f5 {[%emt 0:00:00]} 45. g4 {[%emt 0:00:00]} f4 {[%emt 0:00:00]} 46. Kf3 {[%emt 0:00:00]} Kf6 {[%emt 0:00:00]} 47. Ke4 {[%emt 0:00:00]} Bd4 {[%emt 0:00:00]} 48. a4 {[%emt 0:00:00]} b5 {[%emt 0:00:00]} 49. a5 {[%emt 0:00:00]} a6 {[%emt 0:00:00]} 50. Kd5 {[%emt 0:00:00]} b4 {[%emt 0:00:00]} 51. Kc4 {[%emt 0:00:00]} b3 {[%emt 0:00:00]} 52. Kxb3 {[%emt 0:00:00]} Bc5 {[%emt 0:00:01]} 53. Kc4 {[%emt 0:00:00]} Bb6 {[%emt 0:00:00]} 54. Kd5 {[%emt 0:00:00]} Bxa5 {[%emt 0:00:00]} 55. Kc5 {[%emt 0:00:00]} f3 {[%emt 0:00:00]} 56. Kd5 {[%emt 0:00:00]} f2 {[%emt 0:00:00]} 57. Ke4 {[%emt 0:00:00]} f1=Q {[%emt 0:00:00]} 58. Kd5 {[%emt 0:00:00]} Qf4 {[%emt 0:00:00]} 59. Kd6 {[%emt 0:00:00] (Lag: Av=0.88s, max=1.4s) (Lag: Av=0.88s, max=1.4s) (Lag: Av=0.88s, max=1.4s)} 1-0

[Event "414 Stay Safe Play From Home series"]
[Site "Emanuel Lasker Arena"]
[Date "2020.08.27"]
[Round "8"]
[White "Nguyen Hong Anh"]
[Black "Mepe_Nika"]
[Result "1-0"]
[WhiteElo "2305"]
[BlackElo "2403"]
[PlyCount "133"]
[EventDate "2020.08.27"]
[EventType "swiss (blitz)"]

1. d4 {[%emt 0:00:02]} d5 {[%emt 0:00:00]} 2. c4 {[%emt 0:00:00]} c6 {[%emt 0:00:00]} 3. Nf3 {[%emt 0:00:00]} Nf6 {[%emt 0:00:00]} 4. Qc2 {[%emt 0:00:00]} dxc4 {[%emt 0:00:02]} 5. Qxc4 {[%emt 0:00:01]} Bf5 {[%emt 0:00:00]} 6. Nc3 {[%emt 0:00:01]} e6 {[%emt 0:00:00]} 7. g3 {[%emt 0:00:01]} Be7 {[%emt 0:00:00]} 8. Bg2 {[%emt 0:00:00]} O-O {[%emt 0:00:00]} 9. O-O {[%emt 0:00:00]} Nbd7 {[%emt 0:00:00]} 10. Re1 {[%emt 0:00:00]} Ne4 {[%emt 0:00:01]} 11. Nd2 {[%emt 0:00:00]} Nb6 {[%emt 0:00:02]} 12. Qb3 {[%emt 0:00:01]} Nxc3 {[%emt 0:00:01]} 13. bxc3 {[%emt 0:00:01]} c5 {[%emt 0:00:03]} 14. e4 {[%emt 0:00:01]} Bg6 {[%emt 0:00:01]} 15. Nf3 {[%emt 0:00:01]} cxd4 {[%emt 0:00:01]} 16. cxd4 {[%emt 0:00:01]} Rc8 {[%emt 0:00:00]} 17. Be3 {[%emt 0:00:02]} Qd7 {[%emt 0:00:04]} 18. Bf4 {[%emt 0:00:01]} Qa4 {[%emt 0:00:01]} 19. Ne5 {[%emt 0:00:02]} Rfd8 {[%emt 0:00:04]} 20. d5 {[%emt 0:00:02]} exd5 {[%emt 0:00:03]} 21. exd5 {[%emt 0:00:01]} Bf6 {[%emt 0:00:01]} 22. Nxg6 {[%emt 0:00:03]} hxg6 {[%emt 0:00:00]} 23. Rad1 {[%emt 0:00:01]} Qxb3 {[%emt 0:00:03]} 24. axb3 {[%emt 0:00:01]} Rc3 {[%emt 0:00:01]} 25. d6 {[%emt 0:00:01]} Rxb3 {[%emt 0:00:01]} 26. Bxb7 {[%emt 0:00:01]} Nc4 {[%emt 0:00:01]} 27. Bd5 {[%emt 0:00:01]} Rb4 {[%emt 0:00:02]} 28. d7 {[%emt 0:00:06]} Rxd7 {[%emt 0:00:04]} 29. Bxc4 {[%emt 0:00:01]} Rxd1 {[%emt 0:00:00]} 30. Bxf7+ {[%emt 0:00:01]} Kxf7 {[%emt 0:00:01]} 31. Rxd1 {[%emt 0:00:00]} a5 {[%emt 0:00:01]} 32. Rd7+ {[%emt 0:00:01]} Ke6 {[%emt 0:00:00]} 33. Ra7 {[%emt 0:00:00]} a4 {[%emt 0:00:00]} 34. Bd2 {[%emt 0:00:01]} Rb1+ {[%emt 0:00:01]} 35. Kg2 {[%emt 0:00:01]} Ra1 {[%emt 0:00:01]} 36. Bb4 {[%emt 0:00:01]} Kd5 {[%emt 0:00:01]} 37. Bf8 {[%emt 0:00:03]} Ra2 {[%emt 0:00:02]} 38. Bxg7 {[%emt 0:00:01]} Bxg7 {[%emt 0:00:02]} 39. Rxg7 {[%emt 0:00:00]} a3 {[%emt 0:00:01]} 40. Rxg6 {[%emt 0:00:00]} Kc4 {[%emt 0:00:00]} 41. Ra6 {[%emt 0:00:00]} Kb4 {[%emt 0:00:01]} 42. h4 {[%emt 0:00:01]} Rd2 {[%emt 0:00:02]} 43. h5 {[%emt 0:00:02]} a2 {[%emt 0:00:02]} 44. g4 {[%emt 0:00:00]} Kb3 {[%emt 0:00:01]} 45. g5 {[%emt 0:00:01]} Rd5 {[%emt 0:00:01]} 46. f4 {[%emt 0:00:01]} Rd4 {[%emt 0:00:01]} 47. Rxa2 {[%emt 0:00:02]} Kxa2 {[%emt 0:00:00]} 48. Kg3 {[%emt 0:00:00]} Kb3 {[%emt 0:00:01]} 49. h6 {[%emt 0:00:01]} Kc4 {[%emt 0:00:00]} 50. g6 {[%emt 0:00:01]} Kd5 {[%emt 0:00:01]} 51. h7 {[%emt 0:00:00]} Rd3+ {[%emt 0:00:00]} 52. Kg4 {[%emt 0:00:01]} Rd1 {[%emt 0:00:00]} 53. h8=Q {[%emt 0:00:01]} Rg1+ {[%emt 0:00:00]} 54. Kf5 {[%emt 0:00:00]} Re1 {[%emt 0:00:00]} 55. Qe5+ {[%emt 0:00:00]} Rxe5+ {[%emt 0:00:02]} 56. fxe5 {[%emt 0:00:00]} Kc6 {[%emt 0:00:00]} 57. g7 {[%emt 0:00:00]} Kd5 {[%emt 0:00:00]} 58. g8=Q+ {[%emt 0:00:00]} Kd4 {[%emt 0:00:00]} 59. Qd8+ {[%emt 0:00:00]} Kc5 {[%emt 0:00:00]} 60. e6 {[%emt 0:00:00]} Kc6 {[%emt 0:00:00]} 61. e7 {[%emt 0:00:00]} Kc5 {[%emt 0:00:00]} 62. e8=Q {[%emt 0:00:00]} Kb4 {[%emt 0:00:01]} 63. Qe5 {[%emt 0:00:00]} Kc4 {[%emt 0:00:01]} 64. Qdd4+ {[%emt 0:00:00]} Kb3 {[%emt 0:00:00]} 65. Qee3+ {[%emt 0:00:00]} Ka2 {[%emt 0:00:00]} 66. Qdd2+ {[%emt 0:00:00]} Ka1 {[%emt 0:00:00]} 67. Qee1# {[%emt 0:00:00] (Lag: Av=1.04s, max=1.6s) (Lag: Av=1.04s, max=1.6s) (Lag: Av=1.04s, max=1.6s)} 1-0

[Event "414 Stay Safe Play From Home series"]
[Site "Emanuel Lasker Arena"]
[Date "2020.08.27"]
[Round "8"]
[White "GIULIO19031975"]
[Black "Eidgenosse"]
[Result "0-1"]
[WhiteElo "1838"]
[BlackElo "2483"]
[Annotator "NA"]
[PlyCount "80"]
[EventDate "2020.08.27"]
[EventType "swiss (blitz)"]

1. e4 {[%emt 0:00:01]} d6 {[%emt 0:00:00]} 2. Nf3 {[%emt 0:00:01]} Nd7 {[%emt 0:00:00]} 3. Nc3 {[%emt 0:00:01]} Ngf6 {[%emt 0:00:00]} 4. d4 {[%emt 0:00:01]} e5 {[%emt 0:00:01]} 5. dxe5 {[%emt 0:00:01]} dxe5 {[%emt 0:00:00]} 6. Bc4 {[%emt 0:00:01]} Be7 {[%emt 0:00:00]} 7. Be3 {[%emt 0:00:01]} O-O {[%emt 0:00:00]} 8. Qe2 {[%emt 0:00:00]} c6 {[%emt 0:00:00]} 9. O-O-O {[%emt 0:00:01]} Qc7 {[%emt 0:00:00]} 10. Kb1 {[%emt 0:00:01]} b5 {[%emt 0:00:01]} 11. Bb3 {[%emt 0:00:01]} a5 {[%emt 0:00:00]} 12. a3 {[%emt 0:00:01]} b4 {[%emt 0:00:01]} 13. Na4 {[%emt 0:00:01]} bxa3 {[%emt 0:00:01]} 14. bxa3 {[%emt 0:00:03]} Bxa3 {[%emt 0:00:00]} 15. Nd2 {[%emt 0:00:02]} Ba6 {[%emt 0:00:04]} 16. Qf3 {[%emt 0:00:02]} Bc4 {[%emt 0:00:01]} 17. Nxc4 {[%emt 0:00:01]} Bb4 {[%emt 0:00:01]} 18. Ncb2 {[%emt 0:00:01]} c5 {[%emt 0:00:01]} 19. Bg5 {[%emt 0:00:03]} Rfc8 {[%emt 0:00:06]} 20. Bxf6 {[%emt 0:00:01]} Nxf6 {[%emt 0:00:00]} 21. Rd3 {[%emt 0:00:06]} Nd7 {[%emt 0:00:04]} 22. Rhd1 {[%emt 0:00:01]} Nf8 {[%emt 0:00:01]} 23. Nc4 {[%emt 0:00:05]} Ne6 {[%emt 0:00:02]} 24. Nd6 {[%emt 0:00:03]} Nd4 {[%emt 0:00:01]} 25. Rxd4 {[%emt 0:00:02]} cxd4 {[%emt 0:00:00]} 26. Nxc8 {[%emt 0:00:01]} Rxc8 {[%emt 0:00:01]} 27. Rd3 {[%emt 0:00:05]} Bf8 {[%emt 0:00:03]} 28. Ka2 {[%emt 0:00:02]} Rb8 {[%emt 0:00:00]} 29. Nb2 {[%emt 0:00:04]} Qd7 {[%emt 0:00:02]} 30. Ba4 {[%emt 0:00:02]} Qe6+ {[%emt 0:00:01]} 31. Bb3 {[%emt 0:00:00]} Qd7 {[%emt 0:00:01]} 32. c3 {[%emt 0:00:01]} Qe7 {[%emt 0:00:02]} 33. cxd4 {[%emt 0:00:00]} Qa3+ {[%emt 0:00:01]} 34. Kb1 {[%emt 0:00:00]} a4 {[%emt 0:00:01]} 35. Bxf7+ {[%emt 0:00:00]} Kh8 {[%emt 0:00:02]} 36. Rxa3 {[%emt 0:00:00]} exd4 {[%emt 0:00:00]} 37. Qd3 {[%emt 0:00:01]} Bxa3 {[%emt 0:00:01]} 38. Qxd4 {[%emt 0:00:00]} Bxb2 {[%emt 0:00:00]} 39. Qxb2 {[%emt 0:00:01]} Rf8 {[%emt 0:00:00]} 40. Bd5 {[%emt 0:00:01]} h6 {[%emt 0:00:01] Tempo Tempo Tempo (Lag: Av=0.49s, max=1.1s) (Lag: Av=0.49s, max=1.1s) (Lag: Av=0.49s, max=1.1s)} 0-1

[Event "414 Stay Safe Play From Home series"]
[Site "Emanuel Lasker Arena"]
[Date "2020.08.27"]
[Round "8"]
[White "Klasman"]
[Black "TheCHESSHOUSE"]
[Result "0-1"]
[WhiteElo "1342"]
[BlackElo "2039"]
[PlyCount "68"]
[EventDate "2020.08.27"]
[EventType "swiss (blitz)"]

1. f4 {[%emt 0:00:04]} d5 {[%emt 0:00:01]} 2. e3 {[%emt 0:00:01]} Nf6 {[%emt 0:00:00]} 3. Nf3 {[%emt 0:00:01]} c5 {[%emt 0:00:00]} 4. c3 {[%emt 0:00:01]} Nc6 {[%emt 0:00:00]} 5. d4 {[%emt 0:00:01]} b6 {[%emt 0:00:01]} 6. Bb5 {[%emt 0:00:03]} Bd7 {[%emt 0:00:01]} 7. Bxc6 {[%emt 0:00:02]} Bxc6 {[%emt 0:00:00]} 8. Ne5 {[%emt 0:00:01]} Bb7 {[%emt 0:00:01]} 9. dxc5 {[%emt 0:00:01]} bxc5 {[%emt 0:00:01]} 10. b4 {[%emt 0:00:02]} Nd7 {[%emt 0:00:06]} 11. b5 {[%emt 0:00:03]} e6 {[%emt 0:00:01]} 12. Nxd7 {[%emt 0:00:03]} Qxd7 {[%emt 0:00:01]} 13. a4 {[%emt 0:00:02]} Be7 {[%emt 0:00:01]} 14. O-O {[%emt 0:00:02]} O-O {[%emt 0:00:02]} 15. Nd2 {[%emt 0:00:01]} Bf6 {[%emt 0:00:01]} 16. Bb2 {[%emt 0:00:02]} d4 {[%emt 0:00:01]} 17. cxd4 {[%emt 0:00:02]} cxd4 {[%emt 0:00:00]} 18. Nf3 {[%emt 0:00:05]} Rfd8 {[%emt 0:00:10]} 19. exd4 {[%emt 0:00:03]} Bxf3 {[%emt 0:00:04]} 20. Rxf3 {[%emt 0:00:01]} Bxd4+ {[%emt 0:00:01]} 21. Bxd4 {[%emt 0:00:01]} Qxd4+ {[%emt 0:00:00]} 22. Qxd4 {[%emt 0:00:01]} Rxd4 {[%emt 0:00:00]} 23. a5 {[%emt 0:00:01]} Rb4 {[%emt 0:00:02]} 24. f5 {[%emt 0:00:02]} Rxb5 {[%emt 0:00:02]} 25. fxe6 {[%emt 0:00:01]} fxe6 {[%emt 0:00:00]} 26. Raf1 {[%emt 0:00:01]} Rxa5 {[%emt 0:00:02]} 27. Rf7 {[%emt 0:00:01]} Rf5 {[%emt 0:00:03]} 28. R7xf5 {[%emt 0:00:02]} exf5 {[%emt 0:00:00]} 29. Rxf5 {[%emt 0:00:01]} a5 {[%emt 0:00:00]} 30. Rf3 {[%emt 0:00:02]} a4 {[%emt 0:00:00]} 31. Ra3 {[%emt 0:00:01]} g6 {[%emt 0:00:00]} 32. Kf2 {[%emt 0:00:01]} Kg7 {[%emt 0:00:00]} 33. Kg3 {[%emt 0:00:01]} h5 {[%emt 0:00:01]} 34. h4 {[%emt 0:00:01]} Ra5 {[%emt 0:00:01] Time Time Time (Lag: Av=0.72s, max=1.2s) (Lag: Av=0.72s, max=1.2s) (Lag: Av=0.72s, max=1.2s)} 0-1

[Event "414 Stay Safe Play From Home series"]
[Site "Emanuel Lasker Arena"]
[Date "2020.08.27"]
[Round "8"]
[White "KING o KONG"]
[Black "AChessPlayer"]
[Result "0-1"]
[WhiteElo "957"]
[BlackElo "2331"]
[PlyCount "64"]
[EventDate "2020.08.27"]
[EventType "swiss (blitz)"]

1. d3 {[%emt 0:00:02]} c6 {[%emt 0:00:01]} 2. e3 {[%emt 0:00:01]} d5 {[%emt 0:00:00]} 3. Bd2 {[%emt 0:00:01]} e5 {[%emt 0:00:00]} 4. g3 {[%emt 0:00:01]} Nf6 {[%emt 0:00:00]} 5. Bg2 {[%emt 0:00:01]} Bd6 {[%emt 0:00:00]} 6. Nf3 {[%emt 0:00:01]} O-O {[%emt 0:00:00]} 7. Bc3 {[%emt 0:00:01]} Re8 {[%emt 0:00:00]} 8. d4 {[%emt 0:00:02]} exd4 {[%emt 0:00:02]} 9. Bxd4 {[%emt 0:00:03]} c5 {[%emt 0:00:01]} 10. Bxf6 {[%emt 0:00:01]} Qxf6 {[%emt 0:00:00]} 11. c3 {[%emt 0:00:01]} Be6 {[%emt 0:00:03]} 12. O-O {[%emt 0:00:02]} Nc6 {[%emt 0:00:00]} 13. Nbd2 {[%emt 0:00:01]} Rad8 {[%emt 0:00:00]} 14. Nb3 {[%emt 0:00:01]} b6 {[%emt 0:00:02]} 15. a4 {[%emt 0:00:01]} Bc8 {[%emt 0:00:01]} 16. Qc2 {[%emt 0:00:02]} Bf5 {[%emt 0:00:02]} 17. Qd2 {[%emt 0:00:02]} Be4 {[%emt 0:00:00]} 18. Qe2 {[%emt 0:00:02]} h5 {[%emt 0:00:03]} 19. h4 {[%emt 0:00:03]} c4 {[%emt 0:00:00]} 20. Nbd2 {[%emt 0:00:01]} Bd3 {[%emt 0:00:01]} 21. Qe1 {[%emt 0:00:04]} Bxf1 {[%emt 0:00:00]} 22. Qxf1 {[%emt 0:00:01]} Bc5 {[%emt 0:00:00]} 23. Ng5 {[%emt 0:00:01]} g6 {[%emt 0:00:01]} 24. Bxd5 {[%emt 0:00:04]} Rxd5 {[%emt 0:00:01]} 25. Ndf3 {[%emt 0:00:02]} Ne5 {[%emt 0:00:02]} 26. Rd1 {[%emt 0:00:01]} Nxf3+ {[%emt 0:00:01]} 27. Nxf3 {[%emt 0:00:02]} Qxf3 {[%emt 0:00:00]} 28. Qg2 {[%emt 0:00:03]} Rxd1+ {[%emt 0:00:01]} 29. Kh2 {[%emt 0:00:04]} Qxg2+ {[%emt 0:00:00]} 30. Kxg2 {[%emt 0:00:01]} Rd2 {[%emt 0:00:00]} 31. Kf3 {[%emt 0:00:02]} Rxf2+ {[%emt 0:00:00]} 32. Kxf2 {[%emt 0:00:01]} Rxe3 {[%emt 0:00:00] TimeW TimeW TimeW} 0-1

[Event "414 Stay Safe Play From Home series"]
[Site "Emanuel Lasker Arena"]
[Date "2020.08.27"]
[Round "9"]
[White "Mepe_Nika"]
[Black "KING o KONG"]
[Result "1-0"]
[WhiteElo "2381"]
[BlackElo "957"]
[PlyCount "49"]
[EventDate "2020.08.27"]
[EventType "swiss (blitz)"]

1. d4 {[%emt 0:00:01]} e6 {[%emt 0:00:01]} 2. Bf4 {[%emt 0:00:02]} d6 {[%emt 0:00:01]} 3. e4 {[%emt 0:00:01]} b6 {[%emt 0:00:02]} 4. Nc3 {[%emt 0:00:01]} Bb7 {[%emt 0:00:01]} 5. Bb5+ {[%emt 0:00:00]} Nd7 {[%emt 0:00:03]} 6. Nf3 {[%emt 0:00:02]} a6 {[%emt 0:00:01]} 7. Bd3 {[%emt 0:00:01]} Be7 {[%emt 0:00:01]} 8. O-O {[%emt 0:00:01]} Ngf6 {[%emt 0:00:02]} 9. e5 {[%emt 0:00:01]} Ng4 {[%emt 0:00:01]} 10. h3 {[%emt 0:00:01]} Nxf2 {[%emt 0:00:01]} 11. Rxf2 {[%emt 0:00:01]} d5 {[%emt 0:00:01]} 12. Qd2 {[%emt 0:00:02]} Nf8 {[%emt 0:00:02]} 13. Bg5 {[%emt 0:00:01]} Qd7 {[%emt 0:00:01]} 14. Bxe7 {[%emt 0:00:02]} Qxe7 {[%emt 0:00:02]} 15. Ng5 {[%emt 0:00:00]} O-O-O {[%emt 0:00:02]} 16. Rxf7 {[%emt 0:00:01]} Qe8 {[%emt 0:00:09]} 17. Rxg7 {[%emt 0:00:04]} Rd7 {[%emt 0:00:01]} 18. Rxd7 {[%emt 0:00:03]} Kxd7 {[%emt 0:00:02]} 19. Rf1 {[%emt 0:00:01]} Ng6 {[%emt 0:00:03]} 20. Rf7+ {[%emt 0:00:03]} Kd8 {[%emt 0:00:03]} 21. Bxg6 {[%emt 0:00:01]} Qg8 {[%emt 0:00:08]} 22. Nxe6+ {[%emt 0:00:02]} Kc8 {[%emt 0:00:03]} 23. Rxc7+ {[%emt 0:00:01]} Kb8 {[%emt 0:00:02]} 24. Rxb7+ {[%emt 0:00:03]} Kxb7 {[%emt 0:00:01]} 25. Bf5 {[%emt 0:00:00] TimeB TimeB TimeB} 1-0

[Event "414 Stay Safe Play From Home series"]
[Site "Emanuel Lasker Arena"]
[Date "2020.08.27"]
[Round "9"]
[White "AChessPlayer"]
[Black "Tran Minh Thang"]
[Result "1-0"]
[WhiteElo "2331"]
[BlackElo "2459"]
[PlyCount "157"]
[EventDate "2020.08.27"]
[EventType "swiss (blitz)"]

1. Nf3 {[%emt 0:00:00]} Nf6 {[%emt 0:00:01]} 2. g3 {[%emt 0:00:00]} g6 {[%emt 0:00:01]} 3. Bg2 {[%emt 0:00:00]} Bg7 {[%emt 0:00:00]} 4. O-O {[%emt 0:00:00]} O-O {[%emt 0:00:00]} 5. d4 {[%emt 0:00:00]} d5 {[%emt 0:00:00]} 6. Nbd2 {[%emt 0:00:00]} b6 {[%emt 0:00:01]} 7. Ne5 {[%emt 0:00:01]} Bb7 {[%emt 0:00:00]} 8. Ndf3 {[%emt 0:00:00]} c5 {[%emt 0:00:01]} 9. c4 {[%emt 0:00:02]} dxc4 {[%emt 0:00:01]} 10. Nxc4 {[%emt 0:00:01]} cxd4 {[%emt 0:00:00]} 11. Qxd4 {[%emt 0:00:01]} Qxd4 {[%emt 0:00:01]} 12. Nxd4 {[%emt 0:00:00]} Bxg2 {[%emt 0:00:00]} 13. Kxg2 {[%emt 0:00:00]} Nd5 {[%emt 0:00:00]} 14. Rd1 {[%emt 0:00:02]} e6 {[%emt 0:00:02]} 15. Bg5 {[%emt 0:00:03]} Na6 {[%emt 0:00:05]} 16. e4 {[%emt 0:00:01]} Ndb4 {[%emt 0:00:01]} 17. Be3 {[%emt 0:00:02]} Nc5 {[%emt 0:00:02]} 18. f3 {[%emt 0:00:01]} Nbd3 {[%emt 0:00:03]} 19. Rd2 {[%emt 0:00:04]} f5 {[%emt 0:00:09]} 20. Nxe6 {[%emt 0:00:06]} Nxe6 {[%emt 0:00:09]} 21. Rxd3 {[%emt 0:00:01]} b5 {[%emt 0:00:00]} 22. Nd6 {[%emt 0:00:03]} fxe4 {[%emt 0:00:01]} 23. fxe4 {[%emt 0:00:00]} a6 {[%emt 0:00:01]} 24. Rb1 {[%emt 0:00:01]} Rfd8 {[%emt 0:00:01]} 25. b3 {[%emt 0:00:01]} Rd7 {[%emt 0:00:01]} 26. Rbd1 {[%emt 0:00:00]} Rad8 {[%emt 0:00:01]} 27. R3d2 {[%emt 0:00:03]} Be5 {[%emt 0:00:02]} 28. Nc4 {[%emt 0:00:02]} Rxd2+ {[%emt 0:00:01]} 29. Nxd2 {[%emt 0:00:01]} Rd3 {[%emt 0:00:02]} 30. Kf2 {[%emt 0:00:02]} Nd4 {[%emt 0:00:00]} 31. Bxd4 {[%emt 0:00:02]} Bxd4+ {[%emt 0:00:00]} 32. Ke2 {[%emt 0:00:00]} Re3+ {[%emt 0:00:00]} 33. Kf1 {[%emt 0:00:00]} Rd3 {[%emt 0:00:00]} 34. Ke2 {[%emt 0:00:00]} Re3+ {[%emt 0:00:00]} 35. Kf1 {[%emt 0:00:00]} Rc3 {[%emt 0:00:00]} 36. Nb1 {[%emt 0:00:03]} Rc2 {[%emt 0:00:01]} 37. Rxd4 {[%emt 0:00:01]} Rc1+ {[%emt 0:00:00]} 38. Ke2 {[%emt 0:00:00]} Rxb1 {[%emt 0:00:00]} 39. Rd2 {[%emt 0:00:00]} Rh1 {[%emt 0:00:02]} 40. Ke3 {[%emt 0:00:00]} Kf7 {[%emt 0:00:00]} 41. Re2 {[%emt 0:00:00]} Ke6 {[%emt 0:00:00]} 42. Kd4 {[%emt 0:00:00]} Rd1+ {[%emt 0:00:01]} 43. Kc5 {[%emt 0:00:00]} Ra1 {[%emt 0:00:01]} 44. Kb6 {[%emt 0:00:01]} b4 {[%emt 0:00:00]} 45. Kxa6 {[%emt 0:00:01]} Rd1 {[%emt 0:00:00]} 46. Kb5 {[%emt 0:00:00]} Rd4 {[%emt 0:00:00]} 47. Ka4 {[%emt 0:00:00]} Ke5 {[%emt 0:00:00]} 48. a3 {[%emt 0:00:00]} h5 {[%emt 0:00:00]} 49. axb4 {[%emt 0:00:01]} g5 {[%emt 0:00:00]} 50. Ka5 {[%emt 0:00:00]} Rd1 {[%emt 0:00:00]} 51. b5 {[%emt 0:00:00]} Rd6 {[%emt 0:00:00]} 52. b6 {[%emt 0:00:01]} h4 {[%emt 0:00:00]} 53. Ka6 {[%emt 0:00:01]} Kd4 {[%emt 0:00:01]} 54. Ka7 {[%emt 0:00:01]} Kc5 {[%emt 0:00:00]} 55. b7 {[%emt 0:00:01]} Rd7 {[%emt 0:00:00]} 56. Ka8 {[%emt 0:00:00]} Rd1 {[%emt 0:00:01]} 57. b8=Q {[%emt 0:00:00]} Ra1+ {[%emt 0:00:00]} 58. Qa7+ {[%emt 0:00:00]} Rxa7+ {[%emt 0:00:00]} 59. Kxa7 {[%emt 0:00:00]} Kd6 {[%emt 0:00:00]} 60. e5+ {[%emt 0:00:00]} Ke6 {[%emt 0:00:00]} 61. gxh4 {[%emt 0:00:00]} gxh4 {[%emt 0:00:00]} 62. b4 {[%emt 0:00:00]} Kf5 {[%emt 0:00:00]} 63. b5 {[%emt 0:00:00]} Kg4 {[%emt 0:00:00]} 64. b6 {[%emt 0:00:00]} Kf3 {[%emt 0:00:00]} 65. b7 {[%emt 0:00:00]} Kxe2 {[%emt 0:00:00]} 66. b8=Q {[%emt 0:00:00]} Kf3 {[%emt 0:00:00]} 67. e6 {[%emt 0:00:00]} Kg2 {[%emt 0:00:00]} 68. e7 {[%emt 0:00:00]} h3 {[%emt 0:00:00]} 69. e8=Q {[%emt 0:00:00]} Kh1 {[%emt 0:00:00]} 70. Qh8 {[%emt 0:00:00]} Kg2 {[%emt 0:00:00]} 71. Qbg8+ {[%emt 0:00:00]} Kh1 {[%emt 0:00:00]} 72. Qg1+ {[%emt 0:00:00]} Kxg1 {[%emt 0:00:00]} 73. Qxh3 {[%emt 0:00:00]} Kh1 {[%emt 0:00:00]} 74. Qg4 {[%emt 0:00:00]} Kxh2 {[%emt 0:00:00]} 75. Qg5 {[%emt 0:00:01]} Kh1 {[%emt 0:00:00]} 76. Kb7 {[%emt 0:00:00]} Kh2 {[%emt 0:00:00]} 77. Kc6 {[%emt 0:00:00]} Kh1 {[%emt 0:00:00]} 78. Kd5 {[%emt 0:00:00]} Kh2 {[%emt 0:00:00] Tran Minh Thang resigns Tran Minh Thang resigns Tran Minh Thang resigns} 79. Ke4 {[%emt 0:00:00] (Lag: Av=0.78s, max=1.5s) (Lag: Av=0.78s, max=1.5s) (Lag: Av=0.78s, max=1.5s)} 1-0

[Event "414 Stay Safe Play From Home series"]
[Site "Emanuel Lasker Arena"]
[Date "2020.08.27"]
[Round "9"]
[White "Nguyen Hong Anh"]
[Black "Klasman"]
[Result "1-0"]
[WhiteElo "2326"]
[BlackElo "1341"]
[PlyCount "57"]
[EventDate "2020.08.27"]
[EventType "swiss (blitz)"]

1. d4 {[%emt 0:00:00]} f5 {[%emt 0:00:04]} 2. c4 {[%emt 0:00:00]} Nf6 {[%emt 0:00:01]} 3. g3 {[%emt 0:00:00]} e6 {[%emt 0:00:01]} 4. Bg2 {[%emt 0:00:00]} c5 {[%emt 0:00:01]} 5. Nf3 {[%emt 0:00:00]} cxd4 {[%emt 0:00:02]} 6. O-O {[%emt 0:00:00]} Nc6 {[%emt 0:00:02]} 7. Nxd4 {[%emt 0:00:01]} Nxd4 {[%emt 0:00:02]} 8. Qxd4 {[%emt 0:00:01]} Qb6 {[%emt 0:00:01]} 9. Qd1 {[%emt 0:00:01]} Bc5 {[%emt 0:00:03]} 10. Nc3 {[%emt 0:00:00]} O-O {[%emt 0:00:03]} 11. Na4 {[%emt 0:00:00]} Qc7 {[%emt 0:00:02]} 12. Nxc5 {[%emt 0:00:00]} Qxc5 {[%emt 0:00:01]} 13. b3 {[%emt 0:00:00]} e5 {[%emt 0:00:05]} 14. Be3 {[%emt 0:00:01]} Qe7 {[%emt 0:00:02]} 15. b4 {[%emt 0:00:03]} e4 {[%emt 0:00:01]} 16. Bc5 {[%emt 0:00:01]} Qe6 {[%emt 0:00:05]} 17. Bxf8 {[%emt 0:00:00]} Kxf8 {[%emt 0:00:01]} 18. Rc1 {[%emt 0:00:00]} d6 {[%emt 0:00:03]} 19. c5 {[%emt 0:00:01]} d5 {[%emt 0:00:02]} 20. b5 {[%emt 0:00:01]} Bd7 {[%emt 0:00:02]} 21. c6 {[%emt 0:00:01]} bxc6 {[%emt 0:00:01]} 22. bxc6 {[%emt 0:00:00]} Bxc6 {[%emt 0:00:01]} 23. Qc2 {[%emt 0:00:01]} Rc8 {[%emt 0:00:02]} 24. Qc5+ {[%emt 0:00:01]} Qe7 {[%emt 0:00:04]} 25. Qxe7+ {[%emt 0:00:01]} Kxe7 {[%emt 0:00:01]} 26. e3 {[%emt 0:00:00]} Kd6 {[%emt 0:00:01]} 27. Rfd1 {[%emt 0:00:00]} a5 {[%emt 0:00:03]} 28. Bf1 {[%emt 0:00:01]} Rb8 {[%emt 0:00:03]} 29. Rc2 {[%emt 0:00:02] Time Time Time (Lag: Av=0.99s, max=1.8s) (Lag: Av=0.99s, max=1.8s) (Lag: Av=0.99s, max=1.8s)} 1-0